01589nam a2200361 a 4500001001000000003000500010005001700015008004100032010001100073011001100084040000900095090001000104100003400114245020700148260004100355500006000396502007700456590004100533590004000574590004000614650003500654650003700689650003900726650004200765650004200807856007000849901000700919942001000926942000600936999001900942952013100961952013501092000113189CHAP20220329144342.0170512s2016 mx sm |||||||spa d a109650 a110622 cCHAP aTesis1 aSánchez Sosa, Isacc913217810aBalance nutrimental al utilizar un fertilizante nitrogenado estabilizado con el inhibidor 3,4-dimetilpirazol fosfato (DMPP) en el cultivo de maíz (Zea mays L.)h[En línea]cpor Isacc Sánchez Sosa. aChapingo, Méx. :bEl autor,c2016. aPara ver el contenido del material haga clic en la liga aTesis (Ing. Agr. Esp. en Fitotecnia) -- UACH. Departamento de Fitotecnia aE11695DGDb10c20170515lUCH01h0916 aE5765TAJb05c20170512lUCH01h0934 aE5765TAJb05c20170512lUCH01h093514aAbonosxEfecto en maíz.925314aFertilizantes fosfatados.94059214aFertilizantes nitrogenados.94059614aMateria secaxDeterminación.97293414aNitrógenoxEfecto en maíz.981447 aFinding aiduhttp://10.13.5.2/tesis/sist113189.pdfzTeclea aquí aBK cTESIS n0 c109650d109650 00104054718TESISaBCbBCd2017-05-12fTESISl0oTesisp113191-10r2019-12-31 00:00:00w2019-12-31yTESISzRecien adquirido 00102local4053708TESISaBCbBCcPA_TESISd2017-05-12fTESISl0oTesisp113191-20r2019-12-31 00:00:00tc.2w2019-12-31yTESIS